Pathways to women's empowerment in Bangladesh / (Record no. 21568)

MARC details
000 -LEADER
fixed length control field 01518cam a2200373 a 4500
001 - CONTROL NUMBER
control field 14389542
003 - CONTROL NUMBER IDENTIFIER
control field BDDh-ASL
005 - DATE AND TIME OF LATEST TRANSACTION
control field 20231015030016.0
008 - FIXED-LENGTH DATA ELEMENTS--GENERAL INFORMATION
fixed length control field 060525s2006 bg b 001 0 eng
010 ## - LIBRARY OF CONGRESS CONTROL NUMBER
LC control number 2006561512
020 ## - INTERNATIONAL STANDARD BOOK NUMBER
Canceled/invalid ISBN 98483600225
025 ## - OVERSEAS ACQUISITION NUMBER
Overseas acquisition number B-E-2006-561512; 27; 22
037 ## - SOURCE OF ACQUISITION
Source of stock number/acquisition Library of Congress -- New Delhi Overseas Office
Terms of availability Tk350.00 ($425.00 U.S.)
040 ## - CATALOGING SOURCE
Original cataloging agency DLC
Transcribing agency DLC
Modifying agency BDDh-ASL
042 ## - AUTHENTICATION CODE
Authentication code lcode
043 ## - GEOGRAPHIC AREA CODE
Geographic area code a-bg---
050 00 - LIBRARY OF CONGRESS CALL NUMBER
Classification number HQ1745.6.Z9
Item number M3646 2006
082 ## - DEWEY DECIMAL CLASSIFICATION NUMBER
Classification number 324.2254
Item number NAP
100 1# - MAIN ENTRY--PERSONAL NAME
Personal name Naz, Farzana.
245 10 - TITLE STATEMENT
Title Pathways to women's empowerment in Bangladesh /
Statement of responsibility, etc. Farzana Naz.
250 ## - EDITION STATEMENT
Edition statement 1st ed.
260 ## - PUBLICATION, DISTRIBUTION, ETC.
Place of publication, distribution, etc. Dhaka :
Name of publisher, distributor, etc. A.H. Development Pub. House,
Date of publication, distribution, etc. 2006.
300 ## - PHYSICAL DESCRIPTION
Extent 172 p. ;
Dimensions 23 cm.
500 ## - GENERAL NOTE
General note Revision of author's thesis (M. Phil.--University of Bergen, 2005).
504 ## - BIBLIOGRAPHY, ETC. NOTE
Bibliography, etc. note Includes bibliographical references (p. [165]-168) and index.
520 ## - SUMMARY, ETC.
Summary, etc. Study with reference to effects of microcredit in changing the socio-economic status of rural women in Manigrām area under Rājshāhi District of Bangladesh.
650 #0 - SUBJECT ADDED ENTRY--TOPICAL TERM
Topical term or geographic name entry element Rural women
General subdivision Employment
-- Research
Geographic subdivision Bangladesh
-- Manigrām.
650 #0 - SUBJECT ADDED ENTRY--TOPICAL TERM
Topical term or geographic name entry element Rural women
Geographic subdivision Bangladesh
-- Manigrām
General subdivision Social conditions
-- Research.
650 #0 - SUBJECT ADDED ENTRY--TOPICAL TERM
Topical term or geographic name entry element Rural women
Geographic subdivision Bangladesh
-- Manigrām
General subdivision Economic conditions
-- Research.
650 #0 - SUBJECT ADDED ENTRY--TOPICAL TERM
Topical term or geographic name entry element Microfinance
General subdivision Social aspects
-- Research
Geographic subdivision Bangladesh
-- Manigrām.
906 ## - LOCAL DATA ELEMENT F, LDF (RLIN)
a 7
b cbc
c origode
d 3
e ncip
f 20
g y-gencatlg
942 ## - ADDED ENTRY ELEMENTS (KOHA)
Source of classification or shelving scheme Dewey Decimal Classification
Koha item type Books
Holdings
Withdrawn status Lost status Source of classification or shelving scheme Damaged status Not for loan Collection code Home library Current library Shelving location Date acquired Source of acquisition Total Checkouts Full call number Barcode Date last seen Copy number Price effective from Koha item type
    Dewey Decimal Classification     Non-fiction Asiatic Society Library Asiatic Society Library General Stacks 02/06/2021 ASB Collection   324.2254 NAP 105333 02/06/2021 C-1 02/06/2021 Books
    Dewey Decimal Classification     Non-fiction Asiatic Society Library Asiatic Society Library General Stacks 02/20/2021 ASB Collection   324.2254 NAP 106191 02/20/2021 C-2 02/20/2021 Books

Powered by Koha